| 000 | 01215nam a2200325 i 4500 | ||
|---|---|---|---|
| 001 | 192210 | ||
| 003 | SpMaBN | ||
| 005 | 20240528062745.0 | ||
| 008 | 221119s2020 sp | |||| 000 p spa | ||
| 017 |
_aTO 148-2020 _bOficina Depósito Legal Toledo |
||
| 020 | _a9788418117152 | ||
| 040 |
_aSpMaBN _bspa _cSpMaBN _erda |
||
| 080 | _a821.134.2-14"19" | ||
| 100 | 1 |
_aPascal Ros, Alfonso, _d1965- _eaut _989316 |
|
| 245 | 1 | 0 |
_a130 pulsaciones : _b(antología poética 1985-2020) / _cAlfonso Pascal Ros ; [prólogo, J. Gonper] |
| 246 | 3 |
_aCiento treinta pulsaciones : _b(antología poética 1985-2020) |
|
| 250 | _aPrimera edición: septiembre, 2020 | ||
| 260 |
_aToledo : _bCelya, _c2020. |
||
| 300 |
_a169 páginas ; _c21 cm. |
||
| 490 | 1 |
_aColección Generación del Vértice ; _v185 |
|
| 500 | _aÍndice | ||
| 655 | 7 |
_aPoesías _2tgfbne _9176539 |
|
| 700 | 1 |
_9235003 _aGonper, Joan, _d1963- _eaui |
|
| 830 | 0 |
_aColección Generación del Vértice ; _v185 _9226117 |
|
| 852 | 4 |
_aES-MaACL _jN-8166 _bR. 152932 _cDEPOJ _hDonación: Alfonso Pascal Ros _9199492 |
|
| 903 |
_aPascal Ros, Alfonso, _d1965- _ednr _989316 |
||
| 942 |
_cMONOGRAFIA _n0 |
||
| 999 |
_c192210 _d192210 |
||